| 000 -LEADER |
| fixed length control field |
00690nam a22001817a 4500 |
| 005 - DATE AND TIME OF LATEST TRANSACTION |
| control field |
20260226122159.0 |
| 008 - FIXED-LENGTH DATA ELEMENTS--GENERAL INFORMATION |
| fixed length control field |
260226s1996 enk||||| |||| 00| 0 eng d |
| 020 ## - INTERNATIONAL STANDARD BOOK NUMBER |
| International Standard Book Number |
9780674788015x |
| 041 ## - LANGUAGE CODE |
| Language code of text/sound track or separate title |
eng |
| 080 ## - UNIVERSAL DECIMAL CLASSIFICATION NUMBER |
| Universal Decimal Classification number |
929:338.22(092):929.52(520) R-37 |
| 100 ## - MAIN ENTRY--PERSONAL NAME |
| Personal name |
Reischauer, Haru Matsukata |
| 9 (RLIN) |
26983 |
| 245 ## - TITLE STATEMENT |
| Title |
Samurai and Silk: |
| Remainder of title |
A Japanese and American Heritage / |
| Statement of responsibility, etc. |
Haru Matsukata Reischauer. |
| 264 ## - PRODUCTION, PUBLICATION, DISTRIBUTION, MANUFACTURE, AND COPYRIGHT NOTICE |
| Place of production, publication, distribution, manufacture |
London : |
| Name of producer, publisher, distributor, manufacturer |
Belknap Press, |
| Date of production, publication, distribution, manufacture, or copyright notice |
1996. |
| 300 ## - PHYSICAL DESCRIPTION |
| Extent |
372 p.; |
| Other physical details |
24 cm. |
| 653 ## - INDEX TERM--UNCONTROLLED |
| keyword |
სამურაი და აბრეშუმი |
| 653 ## - INDEX TERM--UNCONTROLLED |
| keyword |
იაპონური და ამერიკული მემკვიდრეობა |
| 942 ## - ADDED ENTRY ELEMENTS (KOHA) |
| Source of classification or shelving scheme |
|
| Koha item type |
წიგნი |